Premier League Club by Best Start Quiz Stats

 Plays Quiz Updated Nov 10, 2016

Also try: One Word EPL Teams
Challenge
Share
Tweet
Embed
Score 0/22 Timer 04:00
8 Plays Today
Season Team % Correct
2017/18Manchester City
97%
2005/06Chelsea
93.1%
2006/07Manchester United
76%
2007/08Arsenal
75.6%
2008/09Liverpool
75.5%
1995/96Newcastle United
67.5%
2017/18Tottenham Hotspur
42.6%
2004/05Everton
33.9%
1998/99Aston Villa
30.3%
1992/93Norwich City
30%
2015/16West Ham United
29.7%
Season Team % Correct
2014/15Southampton
28.1%
2007/08Blackburn Rovers
27.8%
1999/00Leeds United
27.2%
1999/00Sunderland
23.7%
1994/95Nottingham Forest
19.6%
2006/07Bolton Wanderers
15.5%
1995/96Middlesbrough
14.5%
2005/06Wigan Athletic
12.9%
2008/09Hull City
12.6%
1996/97Wimbledon
9.7%
1992/93Coventry City
8.2%

You're not logged in!

Compare scores with friends on all Sporcle quizzes.
Join for Free
OR
Log In

You Might Also Like...

Show Comments

Extras

Top Quizzes Today


Score Distribution

Your Account Isn't Verified!

In order to create a playlist on Sporcle, you need to verify the email address you used during registration. Go to your Sporcle Settings to finish the process.

Report this User

Report this user for behavior that violates our Community Guidelines.

Details: